<?xml version="1.0" encoding="UTF-8"?><?xml-stylesheet type="text/xsl" href="static/style.xsl"?><OAI-PMH xmlns="http://www.openarchives.org/OAI/2.0/" xmlns:xsi="http://www.w3.org/2001/XMLSchema-instance" xsi:schemaLocation="http://www.openarchives.org/OAI/2.0/ http://www.openarchives.org/OAI/2.0/OAI-PMH.xsd"><responseDate>2026-04-27T13:47:07Z</responseDate><request verb="GetRecord" identifier="oai:uvadoc.uva.es:10324/39092" metadataPrefix="marc">https://uvadoc.uva.es/oai/request</request><GetRecord><record><header><identifier>oai:uvadoc.uva.es:10324/39092</identifier><datestamp>2025-03-07T08:06:18Z</datestamp><setSpec>com_10324_1166</setSpec><setSpec>com_10324_931</setSpec><setSpec>com_10324_894</setSpec><setSpec>col_10324_1338</setSpec></header><metadata><record xmlns="http://www.loc.gov/MARC21/slim" xmlns:doc="http://www.lyncode.com/xoai" xmlns:xsi="http://www.w3.org/2001/XMLSchema-instance" xmlns:dcterms="http://purl.org/dc/terms/" xsi:schemaLocation="http://www.loc.gov/MARC21/slim http://www.loc.gov/standards/marcxml/schema/MARC21slim.xsd">
<leader>00925njm 22002777a 4500</leader>
<datafield tag="042" ind1=" " ind2=" ">
<subfield code="a">dc</subfield>
</datafield>
<datafield tag="720" ind1=" " ind2=" ">
<subfield code="a">Rico Bargués, Daniel</subfield>
<subfield code="e">author</subfield>
</datafield>
<datafield tag="720" ind1=" " ind2=" ">
<subfield code="a">Ronda Balbás, María Felicidad</subfield>
<subfield code="e">author</subfield>
</datafield>
<datafield tag="720" ind1=" " ind2=" ">
<subfield code="a">Villanueva Barrero, Marina</subfield>
<subfield code="e">author</subfield>
</datafield>
<datafield tag="720" ind1=" " ind2=" ">
<subfield code="a">Pérez Montero, Carolina</subfield>
<subfield code="e">author</subfield>
</datafield>
<datafield tag="720" ind1=" " ind2=" ">
<subfield code="a">Martín Diana, Ana Belén</subfield>
<subfield code="e">author</subfield>
</datafield>
<datafield tag="260" ind1=" " ind2=" ">
<subfield code="c">2019</subfield>
</datafield>
<datafield tag="520" ind1=" " ind2=" ">
<subfield code="a">This study evaluated the effect of inclusion of two types of tef flours (white and brown) at different levels (25, 50 and 100 %, total flour) on the nutritional (proximal and mineral composition), in vitro bioactive (antioxidant capacity and starch digestibility) and sensory properties of rice-tef crackers. The aim was to formulate a gluten-free product with nutritional and healthy benefits, and acceptable for consumers. Results showed than crackers enriched with white tef had a significant (p ≤ 0.05) higher concentration of all the minerals tested, except for calcium and manganese, compared to brown tef. Iron content of white tef was almost twice that of brown tef, and copper and magnesium increased from 0.12 mg/100 g and 39.2 mg/100 g in control crackers to 0.56 mg/100 g and 197 mg/100 g in white tef crackers (WT 100%), respectively. Moreover, white tef flour and crackers showed significantly higher antioxidant activity than rice or brown tef counterparts. Formulation with tef flour significantly contributed to a reduction of the rapidly available glucose and rapidly digestible starch of crackers.</subfield>
</datafield>
<datafield tag="024" ind2=" " ind1="8">
<subfield code="a">Heliyon, 2019, Volume 5, Issue 10</subfield>
</datafield>
<datafield tag="024" ind2=" " ind1="8">
<subfield code="a">2405-8440</subfield>
</datafield>
<datafield tag="024" ind2=" " ind1="8">
<subfield code="a">http://uvadoc.uva.es/handle/10324/39092</subfield>
</datafield>
<datafield tag="024" ind2=" " ind1="8">
<subfield code="a">10.1016/j.heliyon.2019.e02598</subfield>
</datafield>
<datafield tag="024" ind2=" " ind1="8">
<subfield code="a">e02598</subfield>
</datafield>
<datafield tag="024" ind2=" " ind1="8">
<subfield code="a">10</subfield>
</datafield>
<datafield tag="024" ind2=" " ind1="8">
<subfield code="a">Heliyon</subfield>
</datafield>
<datafield tag="024" ind2=" " ind1="8">
<subfield code="a">5</subfield>
</datafield>
<datafield tag="245" ind1="0" ind2="0">
<subfield code="a">Development of healthy gluten-free crackers from white and brown tef (Eragrostis tef Zucc.) flours</subfield>
</datafield>
</record></metadata></record></GetRecord></OAI-PMH>